Independence for the third world church (Record no. 17230)

000 -LEADER
fixed length control field 00608nam a2200181 a 4500
001 - CONTROL NUMBER
control field :::00021009$&:&@@
003 - CONTROL NUMBER IDENTIFIER
control field OkBaRHE
005 - DATE AND TIME OF LATEST TRANSACTION
control field 20060523144658.0
008 - FIXED-LENGTH DATA ELEMENTS--GENERAL INFORMATION
fixed length control field s1976 j 000 0 eng u
040 ## - CATALOGING SOURCE
Transcribing agency
100 1# - MAIN ENTRY--PERSONAL NAME
Personal name Pius, Wakatama
245 10 - TITLE STATEMENT
Title Independence for the third world church
260 ## - PUBLICATION, DISTRIBUTION, ETC. (IMPRINT)
Place of publication, distribution, etc Downers Grove, Illinois
Name of publisher, distributor, etc Intervarsity Press
Date of publication, distribution, etc 1976
300 ## - PHYSICAL DESCRIPTION
Extent 119 p.
942 ## - ADDED ENTRY ELEMENTS (KOHA)
Source of classification or shelving scheme
Koha item type Books
Copies
Koha item type Date acquired Withdrawn status Lost status Not for loan Date last seen Copy number Full call number Damaged status Barcode Source of classification or shelving scheme Price effective from Permanent Location Shelving location
Books2010-04-14   2010-04-141BV 2075 .P5 21009 2010-04-14RHEMA Bible Training CollegeGeneral Stacks
Books2010-04-14   2010-04-142BV 2075 .P5 21441 2010-04-14RHEMA Bible Training CollegeGeneral Stacks